000 00498nam a22001577a 4500
003 OSt
005 20150906151730.0
008 150906b xxu||||| |||| 00| 0 eng d
040 _cRUA
082 _aAGR សេង 1992 B004 Or.1
100 _9118
_aសេង​ វ៉ាង
245 _aកសិកម្មសមស្របក្នុងល័ក្ខខ័ណ្ដមណ្ឌលកប់ស្រូវ
260 _aPHNOM PENH
_bRUA
_c1992
300 _a52p.
_bill.
_c29cm.
942 _2ddc
_cAGR
999 _c107
_d107